000 00432nam a2200157 i 4500
001 147860
003 ES-MaACL
005 20230906202306.0
007 t|
008 071008s1963 xxk ||||1| eng d
100 1 _aUpdike, John.
_9112046
245 1 0 _aPigeon feathers and other stories /
_cby John Updike.
260 _aGreenwich :
_bFaweelt pub,
_c[1963]
300 _a188 p. ;
_c18 cm.
852 _aES-MaACL
_jC-36280
_bR.66050
999 _c147860
_d147860